| 000 | 01954nam a2200385 c 4500 | ||
|---|---|---|---|
| 003 | BLK | ||
| 005 | 20180420220930.0 | ||
| 008 | 180408b bul|||||r ||||||| ||bul|| | ||
| 010 | _aKNG00039768000 | ||
| 020 |
_a5-89501-001-6 _bиздат.: Аванта+ - (многотомно) |
||
| 020 |
_a5-8483-0011-9 _bиздат.: Аванта+ - на том(т. 14) |
||
| 040 | _aBLK | ||
| 041 |
_aRUS _cRUS |
||
| 080 |
_aОбщи енциклопедии. Енциклопедични речници. Научни справочници. Отраслови енциклопедии и справочници се класират в съответните отдели с определител за форма _b03 _x _z03 |
||
| 080 |
_aТехника. Технически науки _b62 _x(035) _z62(035) |
||
| 700 | 1 |
_aАксенова, Мария _eглав. ред. _9275079 |
|
| 139 |
_aЭнциклопедия для детей _bЭ 67 |
||
| 245 | 1 | 0 |
_aЭнциклопедия для детей _bТ. 1 - _cглав. ред. Мария Аксенова. _nТ. 14 _pТехника |
| 250 | _a3. перераб. и доп. изд. | ||
| 257 | _aRUS | ||
| 260 |
_аМосква _c1997 - _fМосква : 1-я Образцовая типогр. |
||
| 300 | _c27 см | ||
| 380 | _aDN | ||
| 500 | _aОфс. изд. | ||
| 650 | 4 |
_aЕнциклопедии, детски _9154962 |
|
| 650 | 4 |
_aТехника - енциклопедии _9272747 |
|
| 653 | _aенциклопедии | ||
| 653 | _aтехника | ||
| 760 | 1 |
_3- (многотомно) _b3. перераб. и доп. изд. _dАванта+, 2000 _h688 с. : с цв. ил. _n20 000 тир. - Именен показалец ; Предм. показалец ; Препоръчителна библиогр. с. 685. _tТ. 14 Техника |
|
| 852 | _aЦб ІІ 10492 | ||
| 856 | 4 |
_qpdf _u |
|
| 856 | 4 |
_qpdf _u |
|
| 942 |
_cKNG _n0 |
||
| 944 |
_aCR _c16.06.2003 _kГеновева_Генчева |
||
| 944 |
_aED _c10.01.2008 _k |
||
| 999 |
_c36703 _d36703 |
||